Szczegóły MARC21

Germaine de Staël und George Sand : eine inhaltliche Untersuchung über den Einfluss ihrer Frauenromane auf zeitgenössische deutsche Autorinnen /

005 -DATA I CZAS OSTATNIEJ MODYFIKACJI [,]
    • @
    • pole kontrolne
    • 20070315155141.9
020 -Międzynarod. znormalizowany nr książki - ISBN [ , ]
    • a
    • Numer ISBN
    • 3861101203 Find
040 -Instytucja sporządzająca opis [ , ]
    • a
    • Instytucja, która sporządziła opis (NP)
    • SZCZ U
    • c
    • Instytucja, która sporządziła rekord (NP)
    • SZCZ U
041 -Język dokumentu [0, ]
    • a
    • Język tekstu (P)
    • niemiecki
    • h
    • Język tekstu oryginalnego i/lub pośredniego (P)
    • niemiecki
942 -Rodzaj dokumentu [ , ]
    • c
    • Rodzaj dokumentu
    • Książka
100 -Hasło główne - nazwa osobowa [ , ]
    • a
    • Nazwa osobowa (NP)
    • WORTMANN-LACOURONNE, VIRGINIE
245 -Strefa tytułu i oznaczenia odpowiedzialności [1, ]
    • a
    • Tytuł
    • Germaine de Staël und George Sand : Find
    • b
    • Ciąg dalszy tytułu (NP)
    • eine inhaltliche Untersuchung über den Einfluss ihrer Frauenromane auf zeitgenössische deutsche Autorinnen / Find
    • c
    • Pozostałe elementy strefy tytułu i oznaczenia odpowiedzialności (NP)
    • Virginie Wortmann-Lacouronne.
260 -Strefa adresu wydawniczego [ , ]
    • a
    • Miejsce wydania (P)
    • St.Ingbert :
    • b
    • Nazwa wydawcy (P)
    • Röhrig,
    • c
    • Data wydania (P)
    • 1997.
300 -Strefa opisu fizycznego [ , ]
    • a
    • Określenie formy książki i/lub objętość (NP)
    • 352 s. :
    • c
    • Format (NP)
    • 21 cm.
490 -Strefa serii i książki wielotomowej - forma nie do wyszukiwania [0, ]
    • a
    • Tytuł (P)
    • (Mannheimer Studien zur Literatur- und Kulturwissenschaft ; Find
    • v
    • Numeracja (P)
    • Bd.11)
500 -Uwaga ogólna [ , ]
    • a
    • Uwaga ogólna (NP)
    • Bibliogr
080 -Uniwersalna Klasyfikacja Dziesiętna [ , ]
    • a
    • Symbol klasyfikacji
    • 840(091)-31"17/18"Staël G.de=30
080 -Uniwersalna Klasyfikacja Dziesiętna [ , ]
    • a
    • Symbol klasyfikacji
    • +840(091)-31"18"Sand G.=30
080 -Uniwersalna Klasyfikacja Dziesiętna [ , ]
    • a
    • Symbol klasyfikacji
    • :396.1=30
080 -Uniwersalna Klasyfikacja Dziesiętna [ , ]
    • a
    • Symbol klasyfikacji
    • :82.091=30
980 -Symbol UKD [ , ]
    • a
    • UKD
    • 840(091)-31"17/18"Staël G.de+840(091)-31"18"Sand G.:396.1:82.091]=30
920 -ISBN [ , ]
    • a
    • ISBN
    • 3-86110-120-3 Find
Numer inwentarzowy Lokalizacja Data inwentaryzacji Sygnatura Status udost.
G.15772BM2001-05-17GERM. Literatura kobieca 191